| 000 | 01138pam a2200289 a 4500 | ||
|---|---|---|---|
| 999 |
_c16323 _d16323 |
||
| 001 | 3070986 | ||
| 003 | ARRUPE | ||
| 005 | 20170608140639.0 | ||
| 008 | 970616s1998 mauab b 000 0 eng | ||
| 010 | _a 97022527 | ||
| 020 | _a0070288984 (alk. paper) | ||
| 040 |
_aDLC _cDLC _dDLC |
||
| 043 | _af------ | ||
| 050 | 0 | 0 |
_aDT14 _b.I575 1998 |
| 082 | 0 | 0 |
_a960 _221 |
| 245 | 0 | 0 |
_aIntellectual traditions of pre-colonial Africa / _cedited by Constance B. Hilliard. |
| 260 |
_aBoston : _bMcGraw-Hill, _cc1998. |
||
| 300 |
_axv, 463 p. : _bill., maps ; _c24 cm. |
||
| 504 | _aIncludes bibliographical references. | ||
| 651 | 0 |
_aAfrica _xCivilization. _932354 |
|
| 651 | 0 |
_aAfrica _xIntellectual life. _932355 |
|
| 700 | 1 |
_aHilliard, Constance B. _932356 |
|
| 906 |
_a7 _bcbc _corignew _d1 _eocip _f19 _gy-gencatlg |
||
| 942 |
_2lcc _cMONOGRAPH |
||